000 00409nam a2200181Ia 4500
001 9944
005 20260306161755.0
008 260306t1998||||xx |||||||||||||| ||spa||
041 _aESP
082 _a808.8
_bT72 T. 1
100 _aToro Montalvo, César
_eAUT
245 0 _aGrandes obras maestras
260 _c1998
300 _a
_c23 cm.
650 _aGEN
654 _aCHU
942 _cLIB
_dJUS
_fJUS
_2ddc
_n
999 _c9944
_d9944